| 000 | 01882nam a22003617a 4500 | ||
|---|---|---|---|
| 001 | 100 | ||
| 003 | OSt | ||
| 005 | 20250528074011.0 | ||
| 008 | 250124b |||||||j |||| 00| 1 eng d | ||
| 020 | _a9788581630007 | ||
| 040 | _bpor | ||
| 041 |
_heng _apor |
||
| 082 |
_a823 _bC213c |
||
| 100 | 1 |
_aCanavan, Trudi, _d1969- _9218 |
|
| 240 | _aThe Black magician´s Guild | ||
| 245 |
_aO clã dos magos / _cCanavan, Trudi ; Tradução de Robson Falcheti Peixoto |
||
| 260 |
_aSão Paulo _bNovo Conceito _c2012 |
||
| 300 | _a446 p. | ||
| 490 | 1 |
_aA trilogia do mago negro _vLivro 01 |
|
| 500 | _aO clã dos magos | ||
| 520 | _aTodos os anos, os magos de Imardin reúnem-se para purificar as ruas da cidade dos pedintes, criminosos e vagabundos. Mestres das disciplinas de magia, sabem que ninguém pode opor-se a eles. No entanto, seu escudo protetor não é tão impenetrável quanto acreditam. Enquanto a multidão é expurgada da cidade, uma jovem garota de rua, furiosa com o tratamento dispensado pelas autoridades a sua família e amigos, atira uma pedra ao escudo protetor, colocando nisso toda a raiva que sente. Para o espanto de todos que testemunham a ação, a pedra atravessa sem dificuldades a barreira e deixa um dos mágicos inconsciente. Trata-se de um ato inconcebível, e o maior medo da Clã de repente se concretiza: uma maga não treinada está à solta pelas ruas. Ela deve ser encontrada, e rápido, antes que seus poderes fiquem fora de controle e destruam a todos. | ||
| 650 | 0 |
_aLiteratura australiana _9219 |
|
| 650 | 0 |
_aFantasia _945 |
|
| 650 | 0 |
_aAventura _947 |
|
| 650 | 0 |
_aInfantojuvenil _9200 |
|
| 650 | 0 |
_aMedieval _9170 |
|
| 650 | 0 |
_aSeres mágicos _946 |
|
| 655 | 0 |
_aRomance _923 |
|
| 655 | 0 |
_aFicção _922 |
|
| 700 |
_aRobson Falcheti Peixoto _eTradutor _9220 |
||
| 830 |
_aA trilogia do mago negro _vLivro 01 _9221 |
||
| 942 |
_2ddc _n0 _cBK |
||
| 999 |
_c100 _d100 |
||